| 000 | 00712nam a22002417a 4500 | ||
|---|---|---|---|
| 003 | 0 | ||
| 005 | 20180704125939.0 | ||
| 008 | 0 | ||
| 010 | _aB-129032, B-129033 | ||
| 020 |
_c00.00 _a8178884100 |
||
| 035 | _aB-129032 | ||
| 037 | _bCen Lib/Ret | ||
| 040 |
_aDPL _bEN _c0 |
||
| 082 |
_a660.634 _bSRI |
||
| 100 |
_aSridhar, Sriram _938114 |
||
| 245 |
_aEnzyme biotechnology / _cby Sriram Sridhar |
||
| 260 |
_bDominant Publishers _aNew Delhi _c2006 |
||
| 270 |
_bNew Delhi _a4378/4-B, Murari Lal Street, Ansari Road, Darya Ganj _e110002 |
||
| 300 |
_a423p. : _c23cm(Hb) _bill. |
||
| 650 |
_aEnzymes _938115 |
||
| 650 |
_aBiotechnology -- Methodology _938116 |
||
| 942 |
_2ddc _cEN _h660.634 _mSRI |
||
| 999 |
_c133501 _d133501 |
||